Abbott elementary - Statistiques

Statistiques générales
  • Ce quiz a été pris 6 fois
  • Le résultat moyen est 7 sur 10
Statistiques - réponses
Hint Réponse % Correct
Who in the show is Janine dating? Gregory
100%
Who does barbara summon's whenever somethings happens? Jesus
100%
Where is Melissa from? Italy
83%
Who is Jacob's archnemesis? Mr. Morton
83%
Who's Janine's irresponsible ex-boyfriend? Tariq
83%
What is the school janitor's name? Mr. Johnson
67%
In what season did Janine live the school for another job? Season 4
67%
What is Gregory school club name? Garden Goofballs
50%
Name one of Ava's side hustle. Influencer
33%
In what establishment that job was? School district
17%
Aucun quiz correspondant
Distribution des résultats
% des personnes avec chaque résultat
Percentile par nombre de réponses
Votre historique - résultats
Vous n’avez pas pris ce quiz